=LDR 00000nam 2200000 4500 =001 NUTBA000000000003314 =005 20200211044701 =035 ##$$a 0010-081400000000159 =008 200211################g##########0#ind## =020 ##$$a 978-979-769-358-9 =082 ##$$a 121. =100 ##$$a .Zainul Daulany, =245 1#$$a pengetahuan tradisional : $b Konsep , dasar hukum dan praktiknya /$c DR.Zainul Daulany, SH,MH. =250 ##$$a Cet. I =260 ##$$a Jakarta :$b Raja Grafindo Persada,$c 2011 =300 ##$$a xii, 244 hlm ; $c 21 X 14 cm. =440 ##$$a konsep dasar hukum dan praktiknya =084 ##$$a 121. .ZAI p =990 ##$$a 21302487 =990 ##$$a 0001/BPAP-NTB/20142014 =990 ##$$a 21302488 =990 ##$$a 21302486 =990 ##$$a 21302485 =990 ##$$a 0001/BPAP-NTB/20142014 =990 ##$$a 21302487 =990 ##$$a 21302488 =990 ##$$a 21302486 =990 ##$$a 21302485